[Event "Amateur Tournament (ATO)"]
[Site "https://www.chess.com"]
[Date "2025.07.17"]
[Round "3"]
[White "Wipf, Armin"]
[Black "Michel, Jean-claude"]
[Result "0-1"]
[Board "46"]
[WhiteFideId "1323903"]
[BlackFideId "1301241"]
[WhiteElo "1601"]
[BlackElo "1730"]
[WhiteTeam "SUI"]
[BlackTeam "SUI"]
[WhiteClock "0:06:39"]
[BlackClock "0:06:48"]
[Variant "Standard"]

1. e4 {[%clk 1:30:52]}  d5 {[%clk 1:30:52]} 2. exd5 {[%clk 1:31:08]}  Qxd5 {[%clk 1:31:14]} 3. Nc3 {[%clk 1:31:04]}  Qd6 {[%clk 1:31:36]} 4. d4 {[%clk 1:30:50]}  Nf6 {[%clk 1:31:32]} 5. Nf3 {[%clk 1:29:48]}  Bg4 {[%clk 1:30:07]} 6. Be2 {[%clk 1:29:02]}  c6 {[%clk 1:29:52]} 7. Be3 {[%clk 1:26:10]}  Nbd7 {[%clk 1:28:10]} 8. O-O {[%clk 1:23:51]}  e6 {[%clk 1:28:06]} 9. Re1 {[%clk 1:21:45]}  Be7 {[%clk 1:28:20]} 10. Qd2 {[%clk 1:19:11]}  Nb6 {[%clk 1:23:13]} 11. b3 {[%clk 1:14:58]}  O-O {[%clk 1:20:51]} 12. a3 {[%clk 1:09:53]}  Nbd5 {[%clk 1:14:48]} 13. Nxd5 {[%clk 1:05:25]}  Nxd5 {[%clk 1:15:06]} 14. c4 {[%clk 1:02:58]}  Nxe3 {[%clk 1:14:25]} 15. fxe3 {[%clk 1:00:48]}  Rfd8 {[%clk 1:13:48]} 16. Red1 {[%clk 0:58:45]}  Bf6 {[%clk 1:11:50]} 17. b4 {[%clk 0:55:12]}  b6 {[%clk 1:06:58]} 18. Qc2 {[%clk 0:50:13]}  Rdc8 {[%clk 0:47:48]} 19. Rac1 {[%clk 0:46:38]}  Qc7 {[%clk 0:46:08]} 20. Qa2 {[%clk 0:40:32]}  Qe7 {[%clk 0:38:44]} 21. Qb2 {[%clk 0:33:57]}  Bh5 {[%clk 0:35:38]} 22. Qc2 {[%clk 0:33:56]}  Bg6 {[%clk 0:35:23]} 23. Rf1 {[%clk 0:31:37]}  e5 {[%clk 0:28:58]} 24. Qa2 {[%clk 0:30:19]}  e4 {[%clk 0:25:16]} 25. d5 {[%clk 0:22:29]}  Bg5 {[%clk 0:25:11]} 26. Nd2 {[%clk 0:22:01]}  Qe5 {[%clk 0:21:12]} 27. Qb3 {[%clk 0:19:45]}  f5 {[%clk 0:20:49]} 28. Bg4 {[%clk 0:17:21]}  cxd5 {[%clk 0:19:11]} 29. Bh3 {[%clk 0:16:09]}  Bd8 {[%clk 0:16:25]} 30. g3 {[%clk 0:06:20]}  h6 {[%clk 0:07:02]} 31. Kg2 {[%clk 0:06:39]}  Kh7 {[%clk 0:06:48]} 0-1

[Event "Amateur Tournament (ATO)"]
[Site "https://www.chess.com"]
[Date "2025.07.17"]
[Round "3"]
[White "Suwendo, Poedjo"]
[Black "Jakob, Dominic"]
[Result "0-1"]
[Board "47"]
[WhiteFideId "1309803"]
[BlackFideId "1346920"]
[WhiteElo "1719"]
[BlackElo "1598"]
[WhiteTeam "SUI"]
[BlackTeam "SUI"]
[WhiteClock "0:34:00"]
[BlackClock "0:25:26"]
[Variant "Standard"]

1. e4 {[%clk 1:30:19]}  e5 {[%clk 1:30:43]} 2. Nf3 {[%clk 1:30:41]}  Nc6 {[%clk 1:30:36]} 3. d4 {[%clk 1:30:59]}  exd4 {[%clk 1:30:54]} 4. Bc4 {[%clk 1:31:18]}  h6 {[%clk 1:16:01]} 5. O-O {[%clk 1:31:29]}  Bc5 {[%clk 1:13:51]} 6. c3 {[%clk 1:31:41]}  dxc3 {[%clk 1:10:32]} 7. Bxf7+ {[%clk 1:31:51]}  Kf8 {[%clk 1:03:14]} 8. Bxg8 {[%clk 1:31:28]}  Rxg8 {[%clk 1:02:57]} 9. Nxc3 {[%clk 1:31:45]}  d6 {[%clk 1:01:11]} 10. Ne1 {[%clk 1:31:37]}  Ne5 {[%clk 0:58:25]} 11. Be3 {[%clk 1:30:01]}  Bg4 {[%clk 0:54:52]} 12. Qb3 {[%clk 1:23:29]}  Bb6 {[%clk 0:52:25]} 13. Bxb6 {[%clk 1:22:56]}  axb6 {[%clk 0:52:14]} 14. f3 {[%clk 1:20:05]}  Bd7 {[%clk 0:48:05]} 15. Nd5 {[%clk 1:17:27]}  Be6 {[%clk 0:44:12]} 16. Qc3 {[%clk 1:13:49]}  c6 {[%clk 0:43:07]} 17. f4 {[%clk 1:12:05]}  Nd7 {[%clk 0:38:30]} 18. Ne3 {[%clk 1:09:34]}  Nc5 {[%clk 0:36:05]} 19. f5 {[%clk 0:49:30]}  Bf7 {[%clk 0:30:45]} 20. Rf4 {[%clk 0:45:04]}  Rxa2 {[%clk 0:26:14]} 21. Rd1 {[%clk 0:44:44]}  Qf6 {[%clk 0:20:12]} 22. Ng4 {[%clk 0:21:42]}  Qxc3 {[%clk 0:16:27]} 23. bxc3 {[%clk 0:22:09]}  h5 {[%clk 0:14:40]} 24. Nf2 {[%clk 0:20:19]}  Ke7 {[%clk 0:14:11]} 25. Rf3 {[%clk 0:18:53]}  Rga8 {[%clk 0:13:14]} 26. Ned3 {[%clk 0:14:49]}  Nxd3 {[%clk 0:11:57]} 27. Rfxd3 {[%clk 0:14:39]}  Ra1 {[%clk 0:11:45]} 28. Rxd6 {[%clk 0:14:51]}  Rxd1+ {[%clk 0:05:55]} 29. Rxd1 {[%clk 0:15:06]}  Bc4 {[%clk 0:04:15]} 30. Nh3 {[%clk 0:08:12]}  b5 {[%clk 0:03:03]} 31. Nf4 {[%clk 0:08:01]}  Ra3 {[%clk 0:01:35]} 32. Rc1 {[%clk 0:07:02]}  Bf7 {[%clk 0:01:18]} 33. Kf2 {[%clk 0:06:59]}  b6 {[%clk 0:01:21]} 34. h3 {[%clk 0:07:04]}  Kf6 {[%clk 0:00:41]} 35. Nd3 {[%clk 0:05:12]}  Ra4 {[%clk 0:00:53]} 36. Ke3 {[%clk 0:05:30]}  Rc4 {[%clk 0:01:05]} 37. h4 {[%clk 0:03:20]}  g6 {[%clk 0:00:49]} 38. Nb2 {[%clk 0:03:28]}  Rc5 {[%clk 0:01:01]} 39. Kd4 {[%clk 0:03:17]}  gxf5 {[%clk 0:01:08]} 40. Rf1 {[%clk 0:03:31]}  Re5 {[%clk 0:00:45]} 41. exf5 {[%clk 0:03:31]}  Rxf5 {[%clk 0:29:45]} 42. Rxf5+ {[%clk 0:33:28]}  Kxf5 {[%clk 0:30:07]} 43. Nd3 {[%clk 0:33:43]}  Bd5 {[%clk 0:28:27]} 44. g3 {[%clk 0:33:54]}  Kg4 {[%clk 0:27:16]} 45. Nf4 {[%clk 0:34:00]}  Bf3 {[%clk 0:25:26]} 0-1

[Event "Amateur Tournament (ATO)"]
[Site "https://www.chess.com"]
[Date "2025.07.17"]
[Round "3"]
[White "Strebel, Beda"]
[Black "Lincke, Paul"]
[Result "1/2-1/2"]
[Board "49"]
[WhiteFideId "1366432"]
[BlackFideId "1302507"]
[WhiteElo "1695"]
[BlackElo "1556"]
[WhiteTeam "SUI"]
[BlackTeam "SUI"]
[WhiteClock "0:22:16"]
[BlackClock "0:39:29"]
[Variant "Standard"]

1. e4 {[%clk 1:30:55]}  e6 {[%clk 1:30:27]} 2. d4 {[%clk 1:31:20]}  d5 {[%clk 1:30:27]} 3. exd5 {[%clk 1:30:48]}  exd5 {[%clk 1:30:39]} 4. Nf3 {[%clk 1:30:58]}  Bg4 {[%clk 1:30:39]} 5. h3 {[%clk 1:31:00]}  Be6 {[%clk 1:29:41]} 6. Bd3 {[%clk 1:31:02]}  Be7 {[%clk 1:29:16]} 7. Bf4 {[%clk 1:29:56]}  h6 {[%clk 1:29:16]} 8. Nbd2 {[%clk 1:25:24]}  Nf6 {[%clk 1:29:13]} 9. c3 {[%clk 1:24:01]}  a6 {[%clk 1:28:57]} 10. O-O {[%clk 1:23:58]}  c5 {[%clk 1:27:33]} 11. Re1 {[%clk 1:23:24]}  c4 {[%clk 1:27:39]} 12. Bc2 {[%clk 1:22:06]}  Nc6 {[%clk 1:27:38]} 13. Ne5 {[%clk 1:20:03]}  Qc8 {[%clk 1:24:37]} 14. Ndf3 {[%clk 1:17:46]}  O-O {[%clk 1:23:33]} 15. Nxc6 {[%clk 1:17:43]}  bxc6 {[%clk 1:22:18]} 16. b3 {[%clk 1:14:02]}  Bd8 {[%clk 1:19:45]} 17. bxc4 {[%clk 1:13:29]}  dxc4 {[%clk 1:19:51]} 18. Rc1 {[%clk 1:06:47]}  Ba5 {[%clk 1:18:36]} 19. Ba4 {[%clk 1:04:55]}  Bd5 {[%clk 1:18:09]} 20. Ne5 {[%clk 0:56:40]}  Qf5 {[%clk 1:06:51]} 21. Bd2 {[%clk 0:51:12]}  Rac8 {[%clk 1:05:09]} 22. g4 {[%clk 0:45:34]}  Qh7 {[%clk 1:03:02]} 23. Bc2 {[%clk 0:42:42]}  g6 {[%clk 0:59:32]} 24. Rb1 {[%clk 0:39:28]}  Rfe8 {[%clk 0:56:03]} 25. Qc1 {[%clk 0:36:06]}  Kh8 {[%clk 0:51:14]} 26. Rb7 {[%clk 0:36:03]}  Rc7 {[%clk 0:50:39]} 27. Rxc7 {[%clk 0:33:29]}  Bxc7 {[%clk 0:50:53]} 28. f4 {[%clk 0:29:32]}  Qg7 {[%clk 0:48:26]} 29. Qa3 {[%clk 0:27:58]}  a5 {[%clk 0:47:14]} 30. Qa4 {[%clk 0:27:54]}  Ng8 {[%clk 0:41:02]} 31. Nxg6+ {[%clk 0:26:01]}  fxg6 {[%clk 0:40:11]} 32. Rxe8 {[%clk 0:25:02]}  Qf7 {[%clk 0:39:27]} 33. Re1 {[%clk 0:24:15]}  Bxf4 {[%clk 0:39:13]} 34. Bxf4 {[%clk 0:22:16]}  Qxf4 {[%clk 0:39:29]} 1/2-1/2

[Event "Amateur Tournament (ATO)"]
[Site "https://www.chess.com"]
[Date "2025.07.17"]
[Round "3"]
[White "Juchler, Celine"]
[Black "Reithmayer, Angela"]
[Result "1-0"]
[Board "50"]
[WhiteFideId "1301136"]
[BlackFideId "1357891"]
[WhiteElo "1654"]
[BlackElo "1489"]
[WhiteTeam "SUI"]
[BlackTeam "SUI"]
[WhiteClock "1:08:48"]
[BlackClock "0:31:41"]
[Variant "Standard"]

1. e4 {[%clk 1:30:56]}  e6 {[%clk 1:30:46]} 2. d4 {[%clk 1:31:16]}  d5 {[%clk 1:30:59]} 3. e5 {[%clk 1:31:18]}  c5 {[%clk 1:31:02]} 4. c3 {[%clk 1:31:20]}  Nc6 {[%clk 1:30:31]} 5. Nf3 {[%clk 1:30:57]}  cxd4 {[%clk 1:30:19]} 6. cxd4 {[%clk 1:30:24]}  Bb4+ {[%clk 1:29:22]} 7. Nc3 {[%clk 1:29:49]}  Nge7 {[%clk 1:29:21]} 8. Bd3 {[%clk 1:28:52]}  Qb6 {[%clk 1:23:45]} 9. O-O {[%clk 1:28:22]}  Nxd4 {[%clk 1:20:26]} 10. Nxd4 {[%clk 1:28:26]}  Bc5 {[%clk 1:13:12]} 11. Nf3 {[%clk 1:28:05]}  Bd7 {[%clk 1:11:39]} 12. Rb1 {[%clk 1:24:53]}  Qc7 {[%clk 1:00:41]} 13. Bd2 {[%clk 1:20:34]}  Nc6 {[%clk 0:52:06]} 14. Rc1 {[%clk 1:17:34]}  Be7 {[%clk 0:49:10]} 15. b4 {[%clk 1:12:33]}  O-O {[%clk 0:46:53]} 16. Re1 {[%clk 1:11:06]}  h6 {[%clk 0:44:14]} 17. Bg5 {[%clk 1:08:48]}  Rfe8 {[%clk 0:31:41]} 1-0

[Event "Amateur Tournament (ATO)"]
[Site "https://www.chess.com"]
[Date "2025.07.18"]
[Round "4"]
[White "Meshach, Felix"]
[Black "Kuenzli, Simon"]
[Result "0-1"]
[Board "1"]
[WhiteFideId "1342959"]
[BlackFideId "1308475"]
[WhiteElo "1905"]
[BlackElo "1993"]
[WhiteTeam "SUI"]
[BlackTeam "SUI"]
[WhiteClock "0:27:18"]
[BlackClock "0:22:41"]
[Variant "Standard"]

1. e4 {[%clk 1:30:56]}  c6 {[%clk 1:30:55]} 2. Nf3 {[%clk 1:30:28]}  d5 {[%clk 1:31:07]} 3. Nc3 {[%clk 1:30:46]}  dxe4 {[%clk 1:30:04]} 4. Nxe4 {[%clk 1:30:51]}  Bf5 {[%clk 1:30:21]} 5. Ng3 {[%clk 1:30:48]}  Bg6 {[%clk 1:30:45]} 6. h4 {[%clk 1:30:21]}  h6 {[%clk 1:28:39]} 7. Ne5 {[%clk 1:28:27]}  Qd6 {[%clk 1:28:25]} 8. d4 {[%clk 1:25:37]}  Nd7 {[%clk 1:25:48]} 9. Nxg6 {[%clk 1:24:06]}  Qxg6 {[%clk 1:25:39]} 10. Bf4 {[%clk 1:21:19]}  e6 {[%clk 1:20:48]} 11. c3 {[%clk 1:11:45]}  Qf6 {[%clk 1:15:43]} 12. Qf3 {[%clk 1:08:43]}  Qd8 {[%clk 1:02:20]} 13. Ne4 {[%clk 1:00:30]}  Ndf6 {[%clk 1:01:55]} 14. Nc5 {[%clk 1:00:02]}  Bxc5 {[%clk 0:57:34]} 15. dxc5 {[%clk 0:59:23]}  Qd5 {[%clk 0:57:25]} 16. Qxd5 {[%clk 0:59:03]}  Nxd5 {[%clk 0:57:39]} 17. Bg3 {[%clk 0:58:51]}  Ngf6 {[%clk 0:57:36]} 18. f3 {[%clk 0:56:57]}  Ne3 {[%clk 0:50:59]} 19. Kf2 {[%clk 0:55:07]}  Nf5 {[%clk 0:45:20]} 20. Bd3 {[%clk 0:51:35]}  Nxg3 {[%clk 0:45:17]} 21. Kxg3 {[%clk 0:51:59]}  O-O-O {[%clk 0:44:58]} 22. Rad1 {[%clk 0:44:41]}  Rd5 {[%clk 0:43:19]} 23. c4 {[%clk 0:42:46]}  Rd4 {[%clk 0:38:36]} 24. Be2 {[%clk 0:40:38]}  Rhd8 {[%clk 0:36:51]} 25. Kf2 {[%clk 0:39:22]}  Rxd1 {[%clk 0:27:32]} 26. Rxd1 {[%clk 0:39:36]}  Rxd1 {[%clk 0:27:55]} 27. Bxd1 {[%clk 0:40:02]}  Nd7 {[%clk 0:28:16]} 28. b4 {[%clk 0:39:53]}  a5 {[%clk 0:28:31]} 29. a3 {[%clk 0:39:35]}  axb4 {[%clk 0:28:45]} 30. axb4 {[%clk 0:39:57]}  Nb8 {[%clk 0:28:41]} 31. Ke3 {[%clk 0:34:09]}  Na6 {[%clk 0:28:39]} 32. b5 {[%clk 0:34:01]}  cxb5 {[%clk 0:27:11]} 33. Kd4 {[%clk 0:32:33]}  bxc4 {[%clk 0:25:53]} 34. Kxc4 {[%clk 0:32:44]}  Nc7 {[%clk 0:25:20]} 35. Ba4 {[%clk 0:29:47]}  Nd5 {[%clk 0:22:11]} 36. Kd4 {[%clk 0:26:32]}  f6 {[%clk 0:20:44]} 37. Bb3 {[%clk 0:22:09]}  Nc7 {[%clk 0:19:12]} 38. Bc2 {[%clk 0:19:23]}  Nb5+ {[%clk 0:16:34]} 39. Kd3 {[%clk 0:18:34]}  Kc7 {[%clk 0:15:41]} 40. Bb3 {[%clk 0:17:12]}  e5 {[%clk 0:14:56]} 41. Ba4 {[%clk 0:15:43]}  Nd4 {[%clk 0:13:32]} 42. Ke4 {[%clk 0:14:32]}  Ne6 {[%clk 0:09:56]} 43. Kf5 {[%clk 0:11:54]}  Nxc5 {[%clk 0:09:42]} 44. Bc2 {[%clk 0:11:33]}  Kd6 {[%clk 0:09:41]} 45. Kg6 {[%clk 0:11:26]}  Ne6 {[%clk 0:09:20]} 46. Bb3 {[%clk 0:10:36]}  Ke7 {[%clk 0:04:18]} 47. Bc4 {[%clk 0:09:37]}  b5 {[%clk 0:00:47]} 48. Bxb5 {[%clk 0:09:24]}  Kf8 {[%clk 0:01:03]} 49. Bf1 {[%clk 0:07:58]}  Nf4+ {[%clk 0:00:40]} 50. Kf5 {[%clk 0:01:03]}  Ke7 {[%clk 0:00:56]} 51. h5 {[%clk 0:24:54]}  Nxh5 {[%clk 0:26:58]} 52. Kg6 {[%clk 0:23:12]}  Ng3 {[%clk 0:27:10]} 53. Bc4 {[%clk 0:22:52]}  Kf8 {[%clk 0:27:19]} 54. Bd3 {[%clk 0:22:28]}  h5 {[%clk 0:22:52]} 55. Bb1 {[%clk 0:22:21]}  Ne2 {[%clk 0:22:44]} 56. Kxh5 {[%clk 0:22:00]}  Nf4+ {[%clk 0:23:04]} 57. Kg4 {[%clk 0:22:20]}  Nxg2 {[%clk 0:23:15]} 58. Kf5 {[%clk 0:22:42]}  Nf4 {[%clk 0:22:13]} 59. Be4 {[%clk 0:22:29]}  Ke7 {[%clk 0:22:19]} 60. Bb1 {[%clk 0:22:53]}  g6+ {[%clk 0:22:30]} 61. Kg4 {[%clk 0:23:06]}  Kf7 {[%clk 0:21:27]} 62. Ba2+ {[%clk 0:22:58]}  Kg7 {[%clk 0:21:48]} 63. Bb1 {[%clk 0:23:15]}  Kh6 {[%clk 0:21:53]} 64. Be4 {[%clk 0:23:35]}  Ne6 {[%clk 0:19:07]} 65. Bb1 {[%clk 0:22:40]}  Nd4 {[%clk 0:19:12]} 66. f4 {[%clk 0:22:29]}  f5+ {[%clk 0:19:16]} 67. Kg3 {[%clk 0:22:44]}  Ne2+ {[%clk 0:19:41]} 68. Kf3 {[%clk 0:22:59]}  Nxf4 {[%clk 0:20:01]} 69. Kf2 {[%clk 0:23:22]}  Kg5 {[%clk 0:20:10]} 70. Kg3 {[%clk 0:23:45]}  Ne2+ {[%clk 0:20:27]} 71. Kf3 {[%clk 0:24:11]}  Nd4+ {[%clk 0:20:51]} 72. Kg3 {[%clk 0:24:33]}  e4 {[%clk 0:21:06]} 73. Ba2 {[%clk 0:24:34]}  f4+ {[%clk 0:21:23]} 74. Kf2 {[%clk 0:24:57]}  Kf5 {[%clk 0:21:34]} 75. Bd5 {[%clk 0:25:15]}  g5 {[%clk 0:21:41]} 76. Bb7 {[%clk 0:25:38]}  g4 {[%clk 0:22:05]} 77. Bc8+ {[%clk 0:26:02]}  Kg5 {[%clk 0:22:14]} 78. Ba6 {[%clk 0:26:19]}  e3+ {[%clk 0:22:23]} 79. Kf1 {[%clk 0:26:42]}  f3 {[%clk 0:22:42]} 80. Bd3 {[%clk 0:26:53]}  Kf4 {[%clk 0:22:59]} 81. Ke1 {[%clk 0:27:06]}  e2 {[%clk 0:22:21]} 82. Bxe2 {[%clk 0:27:18]}  Nxe2 {[%clk 0:22:41]} 0-1

[Event "Amateur Tournament (ATO)"]
[Site "https://www.chess.com"]
[Date "2025.07.18"]
[Round "4"]
[White "Tkhoruk, Roman"]
[Black "Jud, Marc"]
[Result "1-0"]
[Board "2"]
[WhiteFideId "34161589"]
[BlackFideId "1309099"]
[WhiteElo "1893"]
[BlackElo "1958"]
[WhiteTeam "SUI"]
[BlackTeam "SUI"]
[WhiteClock "0:06:28"]
[BlackClock "0:02:04"]
[Variant "Standard"]

1. e4 {[%clk 1:30:36]}  c5 {[%clk 1:30:46]} 2. Nf3 {[%clk 1:30:59]}  d6 {[%clk 1:30:56]} 3. d4 {[%clk 1:31:10]}  cxd4 {[%clk 1:30:59]} 4. Nxd4 {[%clk 1:31:32]}  Nf6 {[%clk 1:31:09]} 5. Nc3 {[%clk 1:31:40]}  a6 {[%clk 1:31:11]} 6. a4 {[%clk 1:30:36]}  e5 {[%clk 1:30:42]} 7. Nf3 {[%clk 1:29:43]}  Nc6 {[%clk 1:29:31]} 8. Bc4 {[%clk 1:29:29]}  Be7 {[%clk 1:28:10]} 9. h3 {[%clk 1:29:13]}  Be6 {[%clk 1:23:28]} 10. Bd5 {[%clk 1:19:52]}  Bxd5 {[%clk 1:16:21]} 11. exd5 {[%clk 1:18:53]}  Nb8 {[%clk 1:11:15]} 12. O-O {[%clk 1:15:32]}  Nbd7 {[%clk 1:10:45]} 13. Be3 {[%clk 1:14:16]}  Rc8 {[%clk 1:09:21]} 14. Nd2 {[%clk 1:11:11]}  Nb6 {[%clk 1:03:59]} 15. Qf3 {[%clk 1:04:40]}  O-O {[%clk 0:58:03]} 16. Rfd1 {[%clk 1:00:00]}  Nfd7 {[%clk 0:54:59]} 17. a5 {[%clk 0:55:31]}  Nc4 {[%clk 0:54:31]} 18. Nxc4 {[%clk 0:55:12]}  Rxc4 {[%clk 0:54:56]} 19. Qe2 {[%clk 0:52:09]}  Rc8 {[%clk 0:52:09]} 20. Na4 {[%clk 0:44:01]}  Qc7 {[%clk 0:49:32]} 21. Rd2 {[%clk 0:41:43]}  f5 {[%clk 0:48:37]} 22. Bb6 {[%clk 0:41:49]}  Qb8 {[%clk 0:48:28]} 23. c4 {[%clk 0:37:17]}  Bd8 {[%clk 0:36:00]} 24. b4 {[%clk 0:33:52]}  Bxb6 {[%clk 0:33:32]} 25. axb6 {[%clk 0:27:39]}  e4 {[%clk 0:30:28]} 26. Rc1 {[%clk 0:24:40]}  Ne5 {[%clk 0:26:55]} 27. c5 {[%clk 0:22:38]}  Nd3 {[%clk 0:14:20]} 28. Rxd3 {[%clk 0:16:42]}  exd3 {[%clk 0:14:43]} 29. Qxd3 {[%clk 0:17:06]}  a5 {[%clk 0:11:57]} 30. c6 {[%clk 0:11:15]}  axb4 {[%clk 0:10:42]} 31. Qb5 {[%clk 0:09:58]}  Rce8 {[%clk 0:07:56]} 32. Qxb4 {[%clk 0:06:30]}  Re4 {[%clk 0:07:17]} 33. Rc4 {[%clk 0:05:31]}  Rfe8 {[%clk 0:06:05]} 34. Rxe4 {[%clk 0:05:23]}  Rxe4 {[%clk 0:04:58]} 35. c7 {[%clk 0:05:20]}  Qe8 {[%clk 0:02:56]} 36. Qxd6 {[%clk 0:04:52]}  Rxa4 {[%clk 0:02:27]} 37. Qd8 {[%clk 0:05:15]}  Ra8 {[%clk 0:02:50]} 38. Qxe8+ {[%clk 0:05:40]}  Rxe8 {[%clk 0:03:02]} 39. d6 {[%clk 0:06:05]}  Kf7 {[%clk 0:02:04]} 40. d7 {[%clk 0:06:28]} 1-0

[Event "Amateur Tournament (ATO)"]
[Site "https://www.chess.com"]
[Date "2025.07.18"]
[Round "4"]
[White "Haas, Anthony"]
[Black "Lavorgna, Giovanni"]
[Result "1/2-1/2"]
[Board "3"]
[WhiteFideId "1346407"]
[BlackFideId "11800100"]
[BlackTitle "CM"]
[WhiteElo "1883"]
[BlackElo "1912"]
[WhiteTeam "SUI"]
[BlackTeam "ITA"]
[WhiteClock "0:02:09"]
[BlackClock "0:09:06"]
[Variant "Standard"]

1. d4 {[%clk 1:30:58]}  Nf6 {[%clk 1:30:48]} 2. c4 {[%clk 1:31:23]}  g6 {[%clk 1:31:08]} 3. g3 {[%clk 1:31:50]}  Bg7 {[%clk 1:31:23]} 4. Bg2 {[%clk 1:32:16]}  O-O {[%clk 1:31:14]} 5. Nc3 {[%clk 1:32:40]}  c5 {[%clk 1:31:09]} 6. d5 {[%clk 1:32:39]}  d6 {[%clk 1:31:06]} 7. Nf3 {[%clk 1:32:33]}  e6 {[%clk 1:30:47]} 8. O-O {[%clk 1:32:12]}  exd5 {[%clk 1:30:28]} 9. cxd5 {[%clk 1:32:36]}  Re8 {[%clk 1:28:55]} 10. Bf4 {[%clk 1:32:29]}  a6 {[%clk 1:28:17]} 11. a4 {[%clk 1:32:52]}  Bf5 {[%clk 1:21:57]} 12. h3 {[%clk 1:24:40]}  Ne4 {[%clk 1:19:32]} 13. Qb3 {[%clk 1:10:33]}  Nxc3 {[%clk 1:15:51]} 14. bxc3 {[%clk 1:10:47]}  Qc7 {[%clk 1:15:15]} 15. g4 {[%clk 1:03:42]}  Be4 {[%clk 1:12:09]} 16. Nd2 {[%clk 1:03:32]}  Bxg2 {[%clk 1:12:11]} 17. Kxg2 {[%clk 1:03:54]}  Nd7 {[%clk 1:11:28]} 18. e4 {[%clk 0:54:35]}  b5 {[%clk 0:59:20]} 19. axb5 {[%clk 0:52:52]}  axb5 {[%clk 0:59:38]} 20. Rxa8 {[%clk 0:51:17]}  Rxa8 {[%clk 1:00:00]} 21. Qxb5 {[%clk 0:50:20]}  Bxc3 {[%clk 0:57:36]} 22. Nc4 {[%clk 0:46:28]}  Be5 {[%clk 0:53:15]} 23. Bxe5 {[%clk 0:44:17]}  Nxe5 {[%clk 0:51:54]} 24. Nxe5 {[%clk 0:40:40]}  dxe5 {[%clk 0:52:17]} 25. Rc1 {[%clk 0:39:11]}  Rc8 {[%clk 0:51:43]} 26. Rc4 {[%clk 0:34:57]}  Qd6 {[%clk 0:50:51]} 27. Qb7 {[%clk 0:33:09]}  Rc7 {[%clk 0:49:07]} 28. Qb8+ {[%clk 0:33:05]}  Kg7 {[%clk 0:49:34]} 29. Ra4 {[%clk 0:32:52]}  Qe7 {[%clk 0:45:22]} 30. Qb6 {[%clk 0:17:38]}  Rb7 {[%clk 0:43:12]} 31. Qa6 {[%clk 0:17:44]}  h5 {[%clk 0:35:51]} 32. Qe2 {[%clk 0:06:44]}  hxg4 {[%clk 0:34:24]} 33. hxg4 {[%clk 0:06:24]}  Qh4 {[%clk 0:29:11]} 34. Ra3 {[%clk 0:05:56]}  Qg5 {[%clk 0:23:56]} 35. Qf3 {[%clk 0:02:51]}  c4 {[%clk 0:22:07]} 36. d6 {[%clk 0:02:27]}  Rb3 {[%clk 0:19:35]} 37. Rxb3 {[%clk 0:02:05]}  cxb3 {[%clk 0:19:59]} 38. Qxb3 {[%clk 0:01:54]}  Qxg4+ {[%clk 0:19:51]} 39. Kf1 {[%clk 0:02:04]}  Qxe4 {[%clk 0:18:29]} 40. d7 {[%clk 0:01:27]}  Qh1+ {[%clk 0:15:40]} 41. Ke2 {[%clk 0:01:49]}  Qe4+ {[%clk 0:13:46]} 42. Kf1 {[%clk 0:02:09]}  Qh1+ {[%clk 0:09:06]} 1/2-1/2

[Event "Amateur Tournament (ATO)"]
[Site "https://www.chess.com"]
[Date "2025.07.18"]
[Round "4"]
[White "Conrad, Vincent"]
[Black "Tereshchenko, Eliza"]
[Result "1/2-1/2"]
[Board "4"]
[WhiteFideId "1312332"]
[BlackFideId "34389890"]
[WhiteElo "1915"]
[BlackElo "1874"]
[WhiteTeam "SUI"]
[BlackTeam "FID"]
[WhiteClock "0:52:11"]
[BlackClock "0:28:43"]
[Variant "Standard"]

1. Nf3 {[%clk 1:30:47]}  d5 {[%clk 1:30:48]} 2. d4 {[%clk 1:30:59]}  Nf6 {[%clk 1:31:06]} 3. c4 {[%clk 1:31:20]}  e6 {[%clk 1:31:31]} 4. g3 {[%clk 1:31:30]}  Be7 {[%clk 1:31:43]} 5. Bg2 {[%clk 1:31:46]}  O-O {[%clk 1:32:02]} 6. Qc2 {[%clk 1:31:08]}  a6 {[%clk 1:27:42]} 7. b3 {[%clk 1:27:54]}  b6 {[%clk 1:22:42]} 8. O-O {[%clk 1:26:02]}  Bb7 {[%clk 1:22:44]} 9. Ne5 {[%clk 1:25:45]}  c5 {[%clk 1:20:10]} 10. dxc5 {[%clk 1:25:04]}  bxc5 {[%clk 1:19:33]} 11. Bb2 {[%clk 1:25:06]}  Qc7 {[%clk 1:17:03]} 12. cxd5 {[%clk 1:20:51]}  exd5 {[%clk 1:14:45]} 13. Nd2 {[%clk 1:15:26]}  Nbd7 {[%clk 1:11:41]} 14. Ndf3 {[%clk 1:12:19]}  Rac8 {[%clk 1:08:20]} 15. Bh3 {[%clk 1:12:13]}  Rcd8 {[%clk 1:03:39]} 16. Rac1 {[%clk 1:07:35]}  Qa5 {[%clk 0:55:59]} 17. Rfd1 {[%clk 0:57:38]}  d4 {[%clk 0:52:58]} 18. Nc4 {[%clk 0:56:52]}  Qc7 {[%clk 0:51:06]} 19. Bf5 {[%clk 0:55:56]}  g6 {[%clk 0:49:20]} 20. Bd3 {[%clk 0:55:06]}  Ng4 {[%clk 0:40:26]} 21. Be4 {[%clk 0:50:55]}  Bc8 {[%clk 0:34:16]} 22. Ncd2 {[%clk 0:49:20]}  Qb8 {[%clk 0:33:25]} 23. Nc4 {[%clk 0:41:10]}  Ndf6 {[%clk 0:26:07]} 24. Na5 {[%clk 0:31:25]}  Nxe4 {[%clk 0:23:19]} 25. Qxe4 {[%clk 0:31:47]}  Rde8 {[%clk 0:19:24]} 26. Nc6 {[%clk 0:31:41]}  Qc7 {[%clk 0:17:25]} 27. Nxe7+ {[%clk 0:29:33]}  Rxe7 {[%clk 0:17:43]} 28. Qd3 {[%clk 0:29:55]}  Qa5 {[%clk 0:14:52]} 29. a4 {[%clk 0:28:22]}  Bf5 {[%clk 0:14:36]} 30. Qc4 {[%clk 0:28:36]}  Rc8 {[%clk 0:08:35]} 31. Ba3 {[%clk 0:25:25]}  Be6 {[%clk 0:07:45]} 32. Qd3 {[%clk 0:25:45]}  Bf5 {[%clk 0:07:10]} 33. Qc4 {[%clk 0:25:48]}  Be6 {[%clk 0:07:24]} 34. Qd3 {[%clk 0:25:20]}  Bf5 {[%clk 0:01:26]} 35. Qc4 {[%clk 0:22:11]}  Be6 {[%clk 0:28:43]} 36. Qd3 {[%clk 0:52:11]}  Rb7 {[%clk 0:28:43]} 37. Nd2 {[%clk 0:52:11]}  Ne5 {[%clk 0:28:43]} 38. Qe4 {[%clk 0:52:11]} 1/2-1/2